God tells the man who cares / (Record no. 520)

MARC details
000 -LEADER
fixed length control field 00821cam a2200265 a 4500
001 - CONTROL NUMBER
control field 1091035
003 - CONTROL NUMBER IDENTIFIER
control field GBCCL
005 - DATE AND TIME OF LATEST TRANSACTION
control field 20241126110340.0
008 - FIXED-LENGTH DATA ELEMENTS--GENERAL INFORMATION
fixed length control field 930112s1992 pau 000 0 eng
010 ## -
-- 92074655
020 ## - INTERNATIONAL STANDARD BOOK NUMBER
International Standard Book Number 0903843366
040 ## - CATALOGING SOURCE
Original cataloging agency DLC
Transcribing agency DLC
050 00 -
-- BV4832.2
-- .T6914 1992
082 00 - DEWEY DECIMAL CLASSIFICATION NUMBER
Classification number 242
Edition information 20
Item number TOZ
100 1# - MAIN ENTRY--PERSONAL NAME
Personal name Tozer, A. W.
Fuller form of name (Aiden Wilson),
Dates associated with a name 1897-1963.
245 10 - TITLE STATEMENT
Title God tells the man who cares /
Statement of responsibility, etc. A.W. Tozer ; compiled by Anita M. Bailey.
250 ## - EDITION STATEMENT
Edition statement STL books edition
260 ## - PUBLICATION, DISTRIBUTION, ETC.
Place of publication, distribution, etc. Kent, England :
Name of publisher, distributor, etc. STL books,
Date of publication, distribution, etc. c1980.
300 ## - PHYSICAL DESCRIPTION
Extent 214 p. ;
Dimensions 22 cm.
650 #0 - SUBJECT ADDED ENTRY--TOPICAL TERM
Topical term or geographic name entry element Meditations.
700 1# - ADDED ENTRY--PERSONAL NAME
Personal name Bailey, Anita M.
906 ## - LOCAL DATA ELEMENT F, LDF (RLIN)
a 7
b cbc
c orignew
d 2
e opcn
f 19
g y-gencatlg
942 ## - ADDED ENTRY ELEMENTS (KOHA)
Source of classification or shelving scheme Dewey Decimal Classification
Koha item type Books
Koha issues (borrowed), all copies 2
Holdings
Withdrawn status Lost status Source of classification or shelving scheme Damaged status Not for loan Home library Current Library Shelving location Date acquired Total checkouts Full call number Barcode Date last seen Date last checked out Copy number Price effective from Koha item type
    Dewey Decimal Classification     GRACE BIBLE COLLEGE GRACE BIBLE COLLEGE Ministry & Mission 2016-11-10 2 242 TOZ 003632 2025-05-01 2023-09-23 c.1 2016-11-10 Books
© Grace Bible College Library 2025